Central Library || Chittagong University

Marine pollution recent developments / (Record no. 112627)

MARC details
000 -LEADER
fixed length control field 00539nam a22001937a 4500
003 - CONTROL NUMBER IDENTIFIER
control field BD-ChCU
005 - DATE AND TIME OF LATEST TRANSACTION
control field 20260504114252.0
008 - FIXED-LENGTH DATA ELEMENTS--GENERAL INFORMATION
fixed length control field 260504b uk ||||| |||| 00| 0eng d
020 ## - INTERNATIONAL STANDARD BOOK NUMBER
International Standard Book Number 9781803562995
040 ## - CATALOGING SOURCE
Transcribing agency BD-ChCU
082 ## - DEWEY DECIMAL CLASSIFICATION NUMBER
Edition number 23
Classification number 363.7394 M332
245 ## - TITLE STATEMENT
Title Marine pollution recent developments /
Statement of responsibility, etc. Edited by Monique Mancuso.
260 ## - PUBLICATION, DISTRIBUTION, ETC.
Place of publication, distribution, etc. U K :
Name of publisher, distributor, etc. Marine London,
Date of publication, distribution, etc. 2023
300 ## - PHYSICAL DESCRIPTION
Extent 187 P. :
504 ## - BIBLIOGRAPHY, ETC. NOTE
Bibliography, etc. note Includes.
650 #0 - SUBJECT ADDED ENTRY--TOPICAL TERM
Topical term or geographic name entry element Marine pollution.
9 (RLIN) 22297
700 ## - ADDED ENTRY--PERSONAL NAME
Personal name Mancuso, Monique.
Relator term Editor
9 (RLIN) 22299
942 ## - ADDED ENTRY ELEMENTS (KOHA)
Source of classification or shelving scheme Dewey Decimal Classification
Koha item type Books
Suppress in OPAC No
Holdings
Withdrawn status Lost status Source of classification or shelving scheme Damaged status Not for loan Home library Current library Shelving location Date acquired Source of acquisition Total Checkouts Full call number Barcode Date last seen Copy number Price effective from Koha item type
    Dewey Decimal Classification     Chittagong University Library Chittagong University Library Business and Social Science Reading Room 05/04/2026 purchase   363.7394 M332 V.5 343389 05/04/2026 C-1 05/04/2026 Books
    Dewey Decimal Classification     Chittagong University Library Chittagong University Library Business and Social Science Reading Room 05/04/2026 purchase   363.7394 M332 V.5 343390 05/04/2026 C-2 05/04/2026 Books
© Copyright 2026. Chittagong University Library, Installation and Maintenance by Prof. Dr. Md. Alamgir, 01711306253